| 000 | 00957cam a2200253 a 4500 | ||
|---|---|---|---|
| 001 | 000004605 | ||
| 005 | 20200929151453.0 | ||
| 008 | 940810s2000 sp a b 000 0dspa | ||
| 020 | _a8437610583 | ||
| 040 |
_aDO-SdBNP _bspa _cBNPHU |
||
| 082 |
_a862.51 _bM385c, 2000 |
||
| 100 | 1 |
_aMartínez de la Rosa, Francisco, _d1787-1862 _913435 |
|
| 245 | 1 | 3 |
_aLa conjuración de Venecia, año de 1310 / _cFrancisco Martínez de la Rosa ; edición de María José Alonso Seoane. |
| 250 | _a2a ed. | ||
| 260 |
_aMadrid : _bCátedra, _c2000. |
||
| 300 |
_a306 p. : _bil. ; _c18 cm. |
||
| 490 | 1 |
_aLetras hispánicas _vno. 344 |
|
| 504 | _aIncluye referencias bibliográficas (p. 167-170). | ||
| 600 | 1 | 4 |
_aMARTÍNEZ DE LA ROSA, FRANCISCO, _d1787-1862. _tCONJURACIÓN DE VENECIA _913436 |
| 650 | 4 |
_aTeatro _xEspañol _913437 |
|
| 700 | 1 |
_aAlonso Seoane, María José _913438 |
|
| 830 | 0 |
_aLetras hispánicas ; _vno. 344 _94208 |
|
| 910 |
_aCatalogación derivada / LC _bWM |
||
| 999 |
_c4413 _d4413 |
||